Statistics for Random Celebrity by Picture

Click here to take the quiz!

General Stats

  • This quiz has been taken 116 times
  • The average score is 9 of 15

Answer Stats

Answer % Correct
Tiger Woods
90%
Tom Cruise
85%
Drake
77%
Angela Merkel
76%
Rosa Parks
67%
Jimmy Kimmel
64%
James Dean
61%
Ringo Starr
53%
Jay Leno
51%
Bear Grylls
47%
Avicii
44%
Alicia Keys
43%
Bryan Cranston
42%
Thomas Edison
34%
Benito Mussolini
30%

Score Distribution

Percentile by Number Answered

Percent of People with Each Score

Your Score History

You have not taken this quiz